01589nam a2200421 i 450000100060000000300080000600500170001400600190003100700150005000800410006503500230010603500240012903500250015303500210017804000310019905000240023008000070025408200160026110000230027724501070030026400400040730000400044733600310048733700330051833800430055150000220059450400290061658801270064559001590077265000310093165000360096265000210099865000230101965500270104279700190106985600620108899900170115058652FlNmELB20241216233028.0m o d | cr cnu||||||||161012s2006 uy ob 001 0 spa d a(MiAaPQ)EBC4569600 a(Au-PeEL)EBL4569600 a(CaPaEBR)ebr11230859 a(OCoLC)984774399 aFINmELBbspaerdacFINmELB 4aLB3013.3bA161 2006 a370 a371.7822231 aAbramovay, Miriam.10aVictimización en las escuelas :bambiente escolar, robos y agresiones físicas /cMiriam Abramovay. 1a[Uruguay] :b[OEI Uruguay],c[2006] a1 recurso en línea (36 páginas) atextobtxt2rdacontent/spa acomputadorabc2rdamedia/spa arecurso en líneabcr2rdacarrier/spa aIncluye índice. aContiene bibliografía. aDescripción basada en recurso en línea; Título de la página del título en PDF (e-libro, visto October 12, 2016). aRecurso electronico. Santa Fe, Arg. : e-libro, 2016. Disponible via World Wide Web. El acceso puede ser limitado para las bibliotecas afiliadas a e-libro. 0aEducationxSocial aspects. 4aEducaciónxAspectos sociales. 0aSchool violence. 4aViolencia escolar. 4aLibros electrónicos.2 ae-libro, Corp.40uhttps://elibro.net/ereader/politecnicointernacional/31196 c58652d58652